Germanistik in Japan: Verzeichnis der Hochschullehrerinnen und Hochschullehrer

Guardado en:
Detalles Bibliográficos
Formato: Libro
Lenguaje:alemán
Publicado: Tokio DAAD 1988
Materias:
Etiquetas: Agregar Etiqueta
Sin Etiquetas, Sea el primero en etiquetar este registro!

MARC

LEADER 00000nam a2200000 a 4500
001 UCQ8241
003 CL-VaPUC
008 981209e19880000JA |||||||||||||||||ger|d
082 0 4 |a 895.609  |b GER  |2 21 
245 1 0 |a Germanistik in Japan: Verzeichnis der Hochschullehrerinnen und Hochschullehrer 
300 |a 288 p 
942 |c BK 
945 |d 19981209 00:00:00  |a cmena 
260 |a Tokio  |b DAAD  |c 1988 
650 0 |a Literatura japonesa  |9 266543 
650 0 |a Literatura alemana   |9 265457 
650 0 |a Historia  |9 255047 
650 0 |a Enseñanza de idiomas  |9 339820 
583 |a last modification  |c 19981209 00:00:00  |k Rodrigo Vera 
999 |c 277527  |d 277525 
952 |0 0  |1 0  |4 0  |6 895_609000000000000_GER_1988  |7 0  |8 A  |9 315514  |a BIBGIM  |b BIBGIM  |d 2019-11-20  |i 1498037  |o 895.609 GER 1988  |p 1498037  |r 2025-01-15  |w 2019-11-20  |y BK  |k ORI